000 01691nam a2200445 c 4500
001 50304
003 ES-MaCES
005 20220307142024.0
008 171201s2017 sp 000 | spa d
017 _aM 28992-2017
_bDL
020 _a9788490205914
020 _a9788490206539
040 _aES-MaCES
_bspa
_cES-MaCES
245 0 1 _a"internet of things" y su impacto en los recursos humanos y en el marco regulatorio de las relaciones laborales
_b: Proyecto Technos
_cCuatrecasas ; dir., Salvador del Rey Guanter ; coord., Guillermo Tena Planas
250 _a1ª ed
260 _aMadrid
_bWolters Kluwer-La Ley
_c2017
300 _a342 p.
_c24 cm
490 1 _aColección Proyecto Technos
541 _cCompra
650 4 _anuevas tecnologías
_930788
650 4 _atecnología de la información
_930104
650 4 _aInternet
_930572
650 4 _aelaboración electrónica de datos
_928879
650 4 _aevaluación del impacto
_930732
650 4 _amercado de trabajo
_928292
650 4 _aadministración de recursos humanos
_930474
650 4 _aorganización del trabajo
_929209
650 4 _aorganización de la empresa
_928193
650 4 _arelaciones laborales
_928369
650 4 _aprotección de los datos
_929496
650 4 _aderecho del trabajo
_927165
650 4 _aevaluación de proyectos
_926660
653 1 0 _aRelaciones laborales-Empleo
700 1 _921969
_aRey Guanter, Salvador del
_edir.
700 1 _938282
_aTena Planas, Guillermo
_ecoord.
710 2 _94236
_aInstituto Internacional Cuatrecasas de Estrategia Legal en Recursos Humanos
830 0 _aColección Proyecto Technos
_940209
902 _aLIB Libro
942 _2CES
_cBK
_h2.0.
999 _c50304
_d50304